000 01494cam a2200373 i 4500
001 29604
003 Mx-PuUPA
005 20251006115844.0
008 140415s2001 pe d gr 000 0 spa d
020 _a99720510522
040 _cMx-PuUPA
_aMx-PuUPA
_bspa
_dMx-PuUPA
_erda
041 1 _aspa
_heng
043 _as-pe---
100 1 _aSheahan, John,
_d1923-
_914904
_eautor
240 1 0 _aSearching for a better society. The peruavian economy form 1950.
_lEspañol
245 1 3 _aLa economía peruana desde 1950 :
_bbuscando una sociedad mejor /
_cJohn Sheahan ; traducción, Pilar Gavilano LLosa
250 _aPrimera edición /
_bmarzo
264 1 _aLima, Perú :
_bIEP Ediciones,
_c2001
300 _a269 páginas :
_bgráficas, tablas ;
_c21 cm
336 _2rdacontent
_atexto
_btxt
337 _2rdamedia
_asin medio
_bn
338 _2rdacarrier
_avolumen
_bnc
490 0 _aAnálisis Económico ;
_v19
650 7 _2armarc
_aHistoria económica
_zPerú
_ySiglo XX
651 4 _aPerú
_xPolítica económica
651 4 _aPerú
_xCondiciones económicas
_y1918
651 4 _aPerú
_xCondiciones económicas
_y1968
700 1 _aGavilano Llosa, Pilar,
_etraductor
765 0 _aSheahan, John, 1923-
_dPennsylvania : University Press, 1999
_tSearching for a better society. The peruavian economy form 1950.
942 _2ddc
_cLI
_h338.985
_iS5318
999 _c29604
_d29604